Cristo Via Verità e Vita (Record n. 24121)
[ formato base ]
| 000 -LEADER | |
|---|---|
| fixed length control field | 01281nam a2200217Ia 4500 |
| 003 - CONTROL NUMBER IDENTIFIER | |
| control field | IT-RoPAU |
| 005 - DATE AND TIME OF LATEST TRANSACTION | |
| control field | 20220918175650.0 |
| 008 - FIXED-LENGTH DATA ELEMENTS--GENERAL INFORMATION | |
| fixed length control field | 120407s9999 xx 000 0 und d |
| 040 ## - CATALOGING SOURCE | |
| Original cataloging agency | IT-RoPAU |
| Transcribing agency | 20130627160552.0 |
| 040 ## - CATALOGING SOURCE | |
| Transcribing agency | IT-RoPAU |
| 041 ## - LANGUAGE CODE | |
| Language code of text/sound track or separate title | ita |
| 100 ## - MAIN ENTRY--PERSONAL NAME | |
| Personal name | Crespi, Olinto |
| 9 (RLIN) | 422 |
| 100 ## - MAIN ENTRY--PERSONAL NAME | |
| Titles and words associated with a name | ssp |
| 9 (RLIN) | 21 |
| 245 ## - TITLE STATEMENT | |
| Title | Cristo Via Verità e Vita |
| Remainder of title | Principio ispiratore della Famiglia Paolina |
| 260 ## - PUBLICATION, DISTRIBUTION, ETC. (IMPRINT) | |
| Date of publication, distribution, etc. | 1982 |
| Place of publication, distribution, etc. | Roma |
| Name of publisher, distributor, etc. | SSP |
| 300 ## - PHYSICAL DESCRIPTION | |
| Extent | 104 p. |
| 300 ## - PHYSICAL DESCRIPTION | |
| Dimensions | 21 cm |
| 520 ## - SUMMARY, ETC. | |
| Summary, etc. | Indice<br/><br/>Fonti e Sigle<br/>Profilo storico di Don Giacomo Alberione<br/>Introduzione<br/>Capitolo I - Gesù Maestro Via, Verità e Vita nel Vangelo<br/>Capitolo II - Leone XIII e la "Tametsi Futura". Una proposta pastorale ed apostolica per il secolo XX<br/>Capitolo III - Gesù Maestro Via Verità e Vita nell'eperienza spirituale del carisma paolino<br/>Capitolo IV - Abbozzo di sintesi spirituale e teologica seguendo il trinomio Via-Verità-Vita<br/>Capitolo V - Una Famiglia religiosa depositaria di un nuovo carisma<br/>Capitolo VI - Riflesso del trinomio Via, Verità e VIta sullo sviluppo della persona<br/>Capitolo VII - Elementi di una pedagogia spirituale paolina<br/>Capitolo VIII - Gesù Maestro Via, Verità e Vita e la pastorale paolina<br/>Conclusione<br/>Bibliografia generale<br/>Note<br/> |
| 942 ## - ADDED ENTRY ELEMENTS (KOHA) | |
| Koha item type | LIBRO |
| Source of classification or shelving scheme | Dewey Decimal Classification |
| Withdrawn status | Lost status | Source of classification or shelving scheme | Damaged status | Not for loan | Home library | Current library | Date acquired | Total Checkouts | Full call number | Date last seen | Price effective from | Koha item type | Public note |
|---|---|---|---|---|---|---|---|---|---|---|---|---|---|
| Dewey Decimal Classification | Buone Condizioni | Not For Loan | PAULUS-BIBLIOTECA | PAULUS-BIBLIOTECA | 11/04/2012 | P C2 | 11/04/2012 | 11/04/2012 | LIBRO | Inserito da: Anna In data: 07 agosto 2011 fondo: Via A.Severo 56 Progr:4669 | |||
| Dewey Decimal Classification | Buone Condizioni | Not For Loan | PAULUS-BIBLIOTECA | PAULUS-BIBLIOTECA | 27/06/2013 | P C2 | 27/06/2013 | 27/06/2013 | LIBRO |